Geboren in Leipzig - Statistiken

Allgemein
  • Dieses Quiz wurde 122 mal gespielt
    10 seit der letzten Aktualisierung
  • Das Durchschnittsergebnis liegt bei 10 aus 23
Antwortstatistiken
Hinweis Antwort % Korrekt
Frontmann und Sänger der Band "Tokio Hotel" 1989 Bill Kaulitz
89%
Pianistin und Komponistin, Ehefrau des Komponisten Robert 1819 Clara Schumann
89%
"Der letzte Universalgelehrte" und Namensgeber der Universität von Hannover 1646 Gottfried Wilhelm Leibniz
89%
Opern-Komponist, seine Stücke werden jährlich zu nach ihm benannten Festspielen in Bayreuth aufgeführt, "Ring der Nibelungen" "Der fliegende Holländer" 1813 Richard Wagner
89%
Gitarrist der Band "Tokio Hotel" 1989 Tom Kaulitz
89%
Marxist und Mitbegründer der KPD, kam zusammen mit Rosa Luxemburg bei einem Attentat ums Leben 1871 Karl Liebknecht
78%
Frontsänger der Band "Rammstein" 1963 Till Lindemann
78%
Verleger und Gründer des Reclam Verlags 1807 Anton Philipp Reclam
67%
Fußballtrainer (Leipzig, Dortmund und Mönchengladbach) 1976 Marco Rose
56%
DJ und Bruder von Fritz, "Sky and Sand" 1977 Paul Kalkbrenner
56%
früherer Fußballnationaltorwart (Bayer Leverkusen, Hamburger SV und Mainz 05) 1985 René Adler
44%
einer der wichtigsten SED-Politiker, besonders zu Beginn der DDR-Zeit 1893 Walter Ulbricht
44%
mehrfache Olympiasiegerin im Schwimmen und Sportjournalistin beim ZDF 1966 Kristin Otto
33%
Arzt und Wegbereiter der Kleingartenbewegung 1808 Moritz Schreber
33%
Schauspielerin, Leipzig-"Tatort" 1965 Simone Thomalla
33%
österreichischer Intellektueller und Komponist (DDR-Nationalhymne) 1898 Hanns Eisler
22%
langjähriger Handballnationalspieler (Magdeburg und Gummersbach) und frührerer Sportvorstand der Füchse Berlin 1973 Stefan Kretzschmar
11%
Sänger der Band "Die Prinzen" 1964 Tobias Künzel
11%
Bobfahrer und Gewinner von drei olympischen Medaillen 1997 Alexander Schüller
0%
deutsch-britischer Medizinnobelpreisträger für seine Arbeiten über die synaptische Informationsübertragung 1911 Bernard Katz
0%
österreichischer Staatsrechtler mit großem Einfluss auf die Verfassung 1851 Georg Jellinek
0%
Schauspielerin, "Polizeiruf 110" "Good Bye, Lenin" 1976 Maria Simon
0%
Kameramann, "Stolz und Vorurteil" "Die letzte Fahrt der Demeter" 1961 Roman Osin
0%
Keine übereinstimmenden Quizze gefunden
Verteilung der Resultate
Anzahl Personen mit jedem Resultat
Perzentil nach korrekt beantworteten Fragen
Ihre Resultats-Entwicklung
Sie haben dieses Quiz seit der letzten Aktualisierung nicht gespielt